logo

Bir Sreshtho Munshi Abdur Rouf Library
Jhenaidah Cadet College

বীজগণিতের আদিপুস্তক : কিতাব আল জাবর ওয়াল মুকাবালা (Record no. 13802)

MARC details
000 -LEADER
fixed length control field 00898nam a2200229 a 4500
001 - CONTROL NUMBER
JCCL Control Number 13802
003 - CONTROL NUMBER IDENTIFIER
JCCL marc code BD-JhCC
005 - DATE AND TIME OF LATEST TRANSACTION
control field 20240323120302.0
008 - FIXED-LENGTH DATA ELEMENTS--GENERAL INFORMATION
fixed length control field 240323b20212022b |||| ||a| 000 0 b d
020 ## - INTERNATIONAL STANDARD BOOK NUMBER
International Standard Book Number 9789845101714
035 ## - SYSTEM CONTROL NUMBER
system control number (BD-JhCC)13802
040 ## - CATALOGING SOURCE
Original cataloging agency BD-JhCC
Modifying agency BD-JhCC
041 ## - LANGUAGE CODE
Language code of Book ben
082 ## - DEWEY DECIMAL CLASSIFICATION NUMBER
Classification number 512.5505
Author mark and Year KHO 2022
100 ## - MAIN ENTRY--PERSONAL NAME
Personal name মূল: মুসা আল খাওয়ারিজমি, অনুবাদক: সফিক ইসলাম
245 ## - TITLE STATEMENT
Title বীজগণিতের আদিপুস্তক : কিতাব আল জাবর ওয়াল মুকাবালা
Remainder of title মূল: মুসা আল খাওয়ারিজমি, অনুবাদক: সফিক ইসলাম
260 ## - PUBLICATION, DISTRIBUTION, ETC. (IMPRINT)
Place of publication, distribution, etc ঢাকা:
Name of publisher, distributor, etc কথাপ্ররকাশ;
Date of publication, distribution, etc 2022.
300 ## - PHYSICAL DESCRIPTION
Pagination 174 p.:
Dimensions 22 cm.
650 ## - SUBJECT ADDED ENTRY--TOPICAL TERM
Topical term or geographic name as entry element Math
942 ## - ADDED ENTRY ELEMENTS (KOHA)
Source of classification or shelving scheme Dewey Decimal Classification
Koha item type Books
Holdings
Source of classification or shelving scheme Damaged status Not for loan Home library Current library Shelving location Date of accession Cost, normal purchase price Total Checkouts Full call number Barcode Date last seen Date checked out Copy number Method of acquisition Koha item type Currency
Dewey Decimal Classification     JCC Rouf Library JCC Rouf Library General Stacks   300.00 2 512.5505 KHO 2022 18893 05/16/2024 05/13/2024 C-1 Purchase Books BDT
Dewey Decimal Classification     JCC Rouf Library JCC Rouf Library General Stacks   300.00 1 512.5505 KHO 2022 18894 07/18/2024 07/11/2024 C-2 Purchase Books BDT

JCC Library | Contacts | JCC Home

Last Update on 23 September 2017
Copyright @ 2017-2020 JCC Rouf Library
Rouf Library, Jhenidah Cadet College (JCC), Bangladesh